000 00325nam a22001451a 4500
020 _a9788170557388
082 _aH 410
_bSUR/S
100 _aSuresh Kumar
245 _aShallyvigyan/
_cby Suresh Kumar
260 _aNew Delhi:
_bVani,
_c2001.
300 _a208p.
650 _aLinguistics
650 _aLanguage
942 _cBK
999 _c41639
_d41639